000
00292nam a2200133Ia 4500
008
260604s9999 xx 000 0 und d
020
_a
9781071904183
082
_a
174 JOH
100
_a
Johnson
_9
35393
245
0
_a
ORGANIZATIONAL ETHICS
260
_b
SAGE
500
_a
Ethics
942
_c
BK
999
_c
8206
_d
8206